Teoría constitucional e instituciones políticas / (Registro nro. 7257)

Detalles MARC
000 -LEADER
fixed length control field 01528cam a2200361 a 4500
003 - CONTROL NUMBER IDENTIFIER
control field OSt
005 - DATE AND TIME OF LATEST TRANSACTION
control field 20210219145826.0
008 - FIXED-LENGTH DATA ELEMENTS--GENERAL INFORMATION
fixed length control field 070816s2006 ck r 001 0 spa d
020 ## - INTERNATIONAL STANDARD BOOK NUMBER
International Standard Book Number 9583505870
040 ## - CATALOGING SOURCE
Original cataloging agency CO-BoPUJ
Transcribing agency CO-JMCR
041 0# - LANGUAGE CODE
Language code of text/sound track or separate title spa
082 04 - DEWEY DECIMAL CLASSIFICATION NUMBER
Classification number 342 /
Item number N218t
Edition number 23
100 1# - MAIN ENTRY--PERSONAL NAME
Personal name Naranjo Mesa, Vladimiro
Relator term autor
9 (RLIN) 13705
245 10 - TITLE STATEMENT
Title Teoría constitucional e instituciones políticas /
Statement of responsibility, etc. Vladimiro Naranjo Mesa ; prólogo, Luis Carlos Sáchica Aponte
250 ## - EDITION STATEMENT
Edition statement Décima edición
260 ## - PUBLICATION, DISTRIBUTION, ETC.
Place of publication, distribution, etc. Bogotá :
Name of publisher, distributor, etc. Editorial Temis,
Date of publication, distribution, etc. 2006
300 ## - PHYSICAL DESCRIPTION
Extent xxx, 746 páginas ;
Dimensions 24 cm.
504 ## - BIBLIOGRAPHY, ETC. NOTE
Bibliography, etc. note Incluye referencias bibliográficas (p. [719]-725) e índices.
505 0# - FORMATTED CONTENTS NOTE
Formatted contents note El derecho constitucional en la ciencia del derecho. -- Teoría del Estado. -- Teoría de la constitución. -- Los regímenes políticos contemporáneos.
650 14 - SUBJECT ADDED ENTRY--TOPICAL TERM
Topical term or geographic name entry element Derecho constitucional
9 (RLIN) 13706
650 24 - SUBJECT ADDED ENTRY--TOPICAL TERM
Topical term or geographic name entry element Instituciones políticas
9 (RLIN) 13707
650 24 - SUBJECT ADDED ENTRY--TOPICAL TERM
Topical term or geographic name entry element Formas de gobierno
9 (RLIN) 2315
650 24 - SUBJECT ADDED ENTRY--TOPICAL TERM
Topical term or geographic name entry element Estado
9 (RLIN) 13708
650 24 - SUBJECT ADDED ENTRY--TOPICAL TERM
Topical term or geographic name entry element Sistemas electorales
9 (RLIN) 13709
650 24 - SUBJECT ADDED ENTRY--TOPICAL TERM
Topical term or geographic name entry element Partidos políticos
9 (RLIN) 13710
650 24 - SUBJECT ADDED ENTRY--TOPICAL TERM
Topical term or geographic name entry element Sistemas políticos
9 (RLIN) 13711
700 1# - ADDED ENTRY--PERSONAL NAME
Personal name Sáchica Aponte, Luis Carlos
Relator term prologuista
9 (RLIN) 13712
942 ## - ADDED ENTRY ELEMENTS (KOHA)
Source of classification or shelving scheme Dewey Decimal Classification
Koha item type Books
Existencias
Withdrawn status Lost status Source of classification or shelving scheme Damaged status Not for loan Home library Current library Shelving location Date acquired Source of acquisition Total Checkouts Full call number Barcode Date last seen Date last checked out Copy number Price effective from Koha item type
    Dewey Decimal Classification     Biblioteca Pública José María del Castillo y Rada Biblioteca Pública José María del Castillo y Rada General Stacks 10/02/2020 Donación 1 342 / N218t 201810306 07/19/2024 07/19/2024 Ej.1 10/02/2020 Books